Tamils eighteen hundred years ago (Record no. 371087)

000 -LEADER
fixed length control field 00387cam a22001337a 4500
008 - FIXED-LENGTH DATA ELEMENTS--GENERAL INFORMATION
fixed length control field 180718b1956 xxu||||| |||| 00| 0 eng d
082 ## - DEWEY DECIMAL CLASSIFICATION NUMBER
Classification number A6x54 52 K131
100 ## - MAIN ENTRY--PERSONAL NAME
Personal name Kanakashbhai, V.
245 ## - TITLE STATEMENT
Title Tamils eighteen hundred years ago
Statement of responsibility, etc. by V. Kanakashbhai
250 ## - EDITION STATEMENT
Edition statement 2nd ed.
260 ## - PUBLICATION, DISTRIBUTION, ETC.
Place of publication, distribution, etc. Madras
Name of publisher, distributor, etc. South India Saiva Siddhant Works Pub. Soviety
Date of publication, distribution, etc. 1956
300 ## - PHYSICAL DESCRIPTION
Extent 264p.
650 ## - SUBJECT ADDED ENTRY--TOPICAL TERM
Topical term or geographic name entry element Tamils
Holdings
Withdrawn status Lost status Damaged status Not for loan Permanent Location Current Location Date acquired Full call number Barcode Date last seen Price effective from Koha item type
        Indian Institute of Public Administration Indian Institute of Public Administration 1994-06-09 A6x54 52 K131 12272 2018-07-21 2018-07-21 Book

Powered by Koha